000 00856namaa2200277 a 4500
001 vtls001304348
003 NLI
005 20210627043909.0
008 120418s1981 dcu i000 0 eng
039 9 _y201204181932
_zVLOAD
040 0 _aNLI
_cVTLS-2012_FOD
_eAACR2
041 0 _aeng
044 _adcu
082 0 4 _a388.1
110 2 _aUnited States.
_bDepartment of Agriculture
_9706342
245 1 0 _aU.S. foreign agricultural trade statistical report, fiscal year 1980
260 _aWashington, D.C. :
_bUnited States Government Printing Office,
_c1981
300 _aix, 274 p. ;
_c30 cm.
650 0 _aSustainable agriculture
_9693702
650 0 _aAgriculture
_xEconomic
_9725618
887 _a
901 _aAD 131386
_b23.10.2010
902 _aU.S 388.1 Un 3
949 _AVIRTUAITEM
_D10000
_X100
_6ADX000131386ENG
942 _2ddc
_cBKS
999 _c596299
_d596299